000
00291nam a22001337a 4500
008
181022b xxu||||| |||| 00| 0 eng d
020
_a
9780874776867
041
_a
eng
080
_a
316
100
_a
50
101
_a
SOC
245
_a
The Future of The Body
_c
Murphy, M
942
_2
udc
_c
BK
999
_c
50511
_d
50511